Textbook of Anatomy (Record no. 1478)

MARC details
000 -LEADER
Fixed length control field 00771nam a2200217Ia 4500
003 - CONTROL NUMBER IDENTIFIER
Control field IIN
005 - DATE AND TIME OF LATEST TRANSACTION
Control field 20240118130908.0
008 - FIXED-LENGTH DATA ELEMENTS--GENERAL INFORMATION
Fixed length control field 231217s9999 xx 000 0 und d
020 ## - INTERNATIONAL STANDARD BOOK NUMBER / ISBN
Price Rs.995.00
International Standard Book Number 9789351529866
040 ## - CATALOGING SOURCE
Original cataloging agency IIN
Language of cataloging Eng
082 ## - DEWEY DECIMAL CLASSIFICATION NUMBER
Classification number 611
Book Number SES
100 1# - MAIN ENTRY--PERSONAL NAME
Personal name Singh. Inderbir
245 1# - TITLE STATEMENT
Title Textbook of Anatomy
Statement of responsibility Inderbir Singh
250 ## - EDITION STATEMENT
Edition statement 6th ed
Remainder of edition statement Edited by-Sudha Seshayyan,
260 ## - IMPRINT
Name of publisher Jaypee
Place of publication New Delhi
Date of publication 2016
300 ## - PHYSICAL DESCRIPTION
Page / Vol. No 533p. / V.3
500 ## - GENERAL NOTE
General note Volume 3. -<br/> Contains Three Section: <br/> (Section 6) : Head and Neck<br/> (Section 7) : Neuroanatomy<br/> (Section 8) : Genetics<br/>Include index, Appendices.
650 1# - SUBJECT ADDED ENTRY--TOPICAL TERM
Topical term Anatomy
700 1# - ADDED ENTRY--PERSONAL NAME
Personal name Seshayyan, Sudha. Ed.
942 ## - ADDED ENTRY ELEMENTS (KOHA)
Koha item type Books
Holdings
Withdrawn status Lost status Damaged status Not for loan Collection code Home library Current library Date acquired Price Total Checkouts Call number Accession number Date last seen Copy number Price effective from Koha item type
          IDEAL INSTITUTE OF NURSING IDEAL INSTITUTE OF NURSING 17/12/2023 995.00   611 SES 1472 17/12/2023 Vol.3 17/12/2023 Books
          IDEAL INSTITUTE OF NURSING IDEAL INSTITUTE OF NURSING 17/12/2023 995.00   611 SES 1473 17/12/2023 Vol.3 17/12/2023 Books
          IDEAL INSTITUTE OF NURSING IDEAL INSTITUTE OF NURSING 17/12/2023 995.00   611 SES 1474 17/12/2023 Vol.3 17/12/2023 Books
© Ideal Institute Of Nursing, All rights reserved.         Powered by Koha